000
00203 a2200097 4500
001
46768
100
_a
Sims H
245
_a
American aces
260
_a
New York
_b
Harper & row
_c
090
_c
29862
_d
29862
942
_a
NUST-CAE
_c
M
_c
22071
999
_c
281841
_d
281841